Đô thị thông minh, tương lai xán lạn : bản trình diễn về tương lai

Shranjeno v:
Bibliografske podrobnosti
Glavni avtor: Barlow, Mike
Format: Sách
Jezik:Undetermined
Izdano: Trẻ 2020
Teme:
Oznake: Označite
Brez oznak, prvi označite!
Thư viện lưu trữ: Trung tâm Thư viện - Trường Đại học Công nghiệp TP. Hồ Chí Minh
LEADER 00536nam a2200157Ia 4500
001 UIH_00453
008 230809s9999 xx 000 0 und d
082 |a 307.76 
100 |a Barlow, Mike 
245 0 |a Đô thị thông minh, tương lai xán lạn : bản trình diễn về tương lai 
245 0 |c Barlow, Mike 
260 |b Trẻ 
260 |c 2020 
650 |a Đô thị hóa;Quy hoạch thành phố; 
927 |a Sách 
980 |a Trung tâm Thư viện - Trường Đại học Công nghiệp TP. Hồ Chí Minh